000 00731nab a2200229 4500
003 BR-BrBNA
005 20250219164406.0
008 250219b bl.||||| |||| 00| 0 por d
040 _aBR-BrBNA
_bpor
072 _aF01 ; E70
_b0430
100 _aStefano, Fabiane
245 _aA hora do algodão
_bAgroeconomia
500 _a3 illus.
650 _aALGODÃO
650 _aPRODUÇÃO
650 _aCOMERCIALIZAÇÃO
650 _aBOLSA DE MERCADORIAS
650 _aCOTAÇÃO
773 0 _01706
_9347819
_dSão Paulo-SP Editora Três Ltda - E-mail: luizfsa@revistadinheiro.com.br 2004
_o2025-0321
_tDinheiro Rural (Brazil)
_x1807-3700
_gv. 2(6) p. 30-32; (Apr 2005)
_wBR2024004766
942 _cANA
999 _c330052
_d330052